Supply Chain Finance Application for Improving the Economic Status of the Small and Medium Sized Enterprises
Financovanie dodávateľského reťazca v ekonomickom prostredí pre malé a stredné podniky (MSP). Hlavné aspekty financovania dodávateľského reťazca. Rôzne teórie prezentované v dielach výskumníkov v tejto oblasti finančného učenia. Otázky prijímania finančných rozhodnutí, možné správanie investorov a v...
Guardado en:
| Autor principal: | |
|---|---|
| Otros Autores: | |
| Formato: | Capítulo de libro |
| Lenguaje: | inglés |
| Materias: | |
| Etiquetas: |
Sin Etiquetas, Sea el primero en etiquetar este registro!
|
MARC
| LEADER | 00000naa a2200000 4500 | ||
|---|---|---|---|
| 001 | 0270772 | ||
| 005 | 20240502083816.1 | ||
| 041 | 0 | |a eng | |
| 044 | |a GB | ||
| 245 | 1 | 0 | |a Supply Chain Finance Application for Improving the Economic Status of the Small and Medium Sized Enterprises |c Boris Šturc, Tatyana Gurová |
| 520 | |a Financovanie dodávateľského reťazca v ekonomickom prostredí pre malé a stredné podniky (MSP). Hlavné aspekty financovania dodávateľského reťazca. Rôzne teórie prezentované v dielach výskumníkov v tejto oblasti finančného učenia. Otázky prijímania finančných rozhodnutí, možné správanie investorov a vonkajší a vnútorný vplyv rôznych faktorov v procese prijímania týchto rozhodnutí. | ||
| 610 | 2 | 0 | |a reťazce dodávateľsko-odberateľské |
| 610 | 2 | 0 | |a financovanie |
| 610 | 2 | 0 | |a podnik malý |
| 610 | 2 | 0 | |a podnik stredný |
| 610 | 2 | 0 | |a trh finančný |
| 610 | 2 | 0 | |a riziko finančné |
| 100 | 1 | |a Šturc, Boris, 1961- | |
| 700 | 1 | |a Gurová, Tatyana | |